000 02216cam a22005174i 4500
003 PE-LiUPU
005 20250731180109.0
008 150623s r 000 0 d
035 _a(Sirsi) a22257
040 _aPE-LiUPU
_bspa
_cPE-LiUPU
_erda
082 0 4 _a515.43
_bE86
_221
100 1 _aEspinoza Ramos, Eduardo,
_d1946-,
_eautor.
245 1 0 _aAnálisis matemático III :
_bpara estudiantes de ciencias e ingeniería /
_cEduardo Espinoza Ramos.
264 1 _aLima :
_bEditorial Servicios Gráficos JJ,
_c1999.
300 _a834 páginas :
_bilustraciones, gráficos ;
_c22 cm.
336 _atext
_2rdacontent
337 _aunmediated
_2rdamedia
338 _avolume
_2rdacarrier
504 _aIncluye bibliografía.
505 0 _aRectas y planos en el espacio tridimensional. -Superficies cuadráticas. -Funciones vectoriales de variable real. -Funciones reales de variable vectorial. -Funciones vectoriales de varias variables. -Integrales curvilíneas o de línea. -Integrales múltiples. -Integrales triples. -Integral de superficie.
526 _aSEG44
526 _aSEG26
526 _aP159
526 _aP155
526 _aP154
526 _aP153
526 _aP150
526 _aP100
526 _aP31
526 _aP30
526 _aP26
526 _aP25
526 _aP24
526 _aP22
526 _aP15
526 _aP10
650 1 4 _aAnálisis matemático
_xEstudio y enseñanza.
942 _2ddc
_cBOOK
949 _a515.43 E86
_wDEWEY
_c1
_i50134
_lCCODEBUL1
_mBUL
_p00.00
_r0
_sY
_tBOOK
_u2015-06-24
_xINGENIERIA
_zUNKNOWN
_0COMPRA
_o.STAFF. Colección General
949 _a515.43 E86
_wDEWEY
_c2
_i46026
_lCCODEBUL1
_mBUL
_p00.00
_r0
_sY
_tBOOK
_u2015-06-24
_xINGENIERIA
_zUNKNOWN
_0COMPRA
_o.STAFF. Colección General
596 _a1
999 _a515.43 E86
_wDEWEY
_c22809
_i50134
_d22809
_e2019-8-28
_f2021-11-5
_g7
_lCCODEBUL1
_mBUL
_n12
_q2
_r0
_sY
_tBOOK
_u2015-6-24
_xBIBLIOTECA
_zUNKNOWN
_0COMPRA
_o.STAFF. Colección General
999 _a515.43 E86
_wDEWEY
_c2
_i46026
_d2019-9-16
_e2019-9-11
_f2021-11-9
_g7
_lCCODEBUL1
_mBUL
_n9
_q2
_r0
_sY
_tBOOK
_u2015-6-24
_xINGENIERIA
_zUNKNOWN
_0COMPRA
_o.STAFF. Colección General
980 _81
_gALBERTO SANCHEZ Responsable de Automatización